Social funds : Assessing effectiveness

Na minha lista:
Detalhes bibliográficos
Autor Corporativo: World Bank
Formato: Livro
Idioma:Undetermined
Publicado em: Washington, D. C. World Bank 2002
Assuntos:
Tags: Adicionar Tag
Sem tags, seja o primeiro a adicionar uma tag!
Thư viện lưu trữ: Trung tâm Học liệu Trường Đại học Cần Thơ
LEADER 00507nam a2200193Ia 4500
001 CTU_62905
008 210402s9999 xx 000 0 und d
082 |a 361.70681 
082 |b W927 
110 |a World Bank 
245 0 |a Social funds : 
245 0 |b Assessing effectiveness 
245 0 |c World Bank 
260 |a Washington, D. C. 
260 |b World Bank 
260 |c 2002 
650 |a Social funds 
904 |i Minh (Nguyên sửa) 
980 |a Trung tâm Học liệu Trường Đại học Cần Thơ